| 000 | 00450nam a22001817a 4500 | ||
|---|---|---|---|
| 003 | CEME | ||
| 005 | 20210628202835.0 | ||
| 008 | 210118b xxu||||| |||| 00| 0 eng d | ||
| 020 | _a81-7319-766-0 | ||
| 040 | _c. | ||
| 082 | _a521 CEL | ||
| 100 |
_aIshwar, Bhola _961899 |
||
| 245 | _aCelestial mechanics, recent trends | ||
| 260 |
_aNEW DELHI _bNAROSA _c2006 |
||
| 300 | _aXIII,330 P | ||
| 650 |
_aCELESTIAL MECHANICS _961900 |
||
| 942 |
_cBK _2ddc |
||
| 999 |
_c571191 _d571191 |
||